From evidence to proof : (Record no. 181099)
[ view plain ]
| 000 -LEADER | |
|---|---|
| fixed length control field | 00680cam9a220021700 4500 |
| 001 - CONTROL NUMBER | |
| control field | qce00418760 |
| 005 - DATE AND TIME OF LATEST TRANSACTION | |
| control field | 20190830095834.0 |
| 008 - FIXED-LENGTH DATA ELEMENTS--GENERAL INFORMATION | |
| fixed length control field | 720316s1956 ilua 000 0 eng |
| 010 ## - LIBRARY OF CONGRESS CONTROL NUMBER | |
| LC control number | 55011239 /L |
| 035 ## - SYSTEM CONTROL NUMBER | |
| System control number | (Sirsi) r108639 |
| 035 ## - SYSTEM CONTROL NUMBER | |
| System control number | (QCAT)lss00183220 |
| 035 ## - SYSTEM CONTROL NUMBER | |
| System control number | (UPRA)qce00418760 |
| 040 ## - CATALOGING SOURCE | |
| Modifying agency | UPRA |
| 100 1# - MAIN ENTRY--PERSONAL NAME | |
| Personal name | Houts, Marshall. |
| Linkage | A67421.1 |
| 245 10 - TITLE STATEMENT | |
| Title | From evidence to proof : |
| Remainder of title | a searching analysis of methods to establish fact. |
| 260 ## - PUBLICATION, DISTRIBUTION, ETC. | |
| Place of publication, distribution, etc. | Springfield, IL : |
| Name of publisher, distributor, etc. | C.C. Thomas, |
| Date of publication, distribution, etc. | [1956] |
| 650 #0 - SUBJECT ADDED ENTRY--TOPICAL TERM | |
| Topical term or geographic name entry element | Criminal investigation. |
| Linkage | S3443.1 |
| 650 #0 - SUBJECT ADDED ENTRY--TOPICAL TERM | |
| Topical term or geographic name entry element | Evidence, Criminal. |
| Linkage | S32584.1 |
| 949 ## - LOCAL PROCESSING INFORMATION (OCLC) | |
| a | HV8073 |
| w | lcc |
| i | -154933 |
| m | MAIN |
| t | BOOK |
| l | ON-SHELF |
No items available.